Non-chemical approaches to tropical tree crop disease management: the case of rubber and cacao in Brazil (Record no. 63997)

MARC details
000 -LEADER
fixed length control field 00473nam a2200133Ia 4500
100 ## - MAIN ENTRY--AUTHOR NAME
Personal name Alvim P De T
245 #0 - TITLE STATEMENT
Title Non-chemical approaches to tropical tree crop disease management: the case of rubber and cacao in Brazil
260 ## - PUBLICATION, DISTRIBUTION, ETC. (IMPRINT)
Name of publisher In: Agricultural technology: Policy issues for the internationl community (Ed by Anderson, J R)
Year of publication 1994
300 ## - PHYSICAL DESCRIPTION
Number of Pages 425-434
500 ## - GENERAL NOTE
General note Source Year: 1995
856 ## - ELECTRONIC LOCATION AND ACCESS
Uniform Resource Identifier RPP
942 ## - ADDED ENTRY ELEMENTS (KOHA)
Koha item type Journals
Holdings
Withdrawn status Lost status Damaged status Not for loan Home library Current library Shelving location Date acquired Koha item type
      Journals RRII Library RRII Library Pathology 17/12/2021 Journals